Huelga y servicio publico en Colombia : (Registro nro. 11884)
[ vista simple ]
| 000 -LEADER | |
|---|---|
| fixed length control field | 01010nam a2200241Ia 4500 |
| 003 - CONTROL NUMBER IDENTIFIER | |
| control field | OSt |
| 005 - DATE AND TIME OF LATEST TRANSACTION | |
| control field | 20210604103310.0 |
| 008 - FIXED-LENGTH DATA ELEMENTS--GENERAL INFORMATION | |
| fixed length control field | 210310s1992 ck gr 000 0 spa d |
| 020 ## - INTERNATIONAL STANDARD BOOK NUMBER | |
| International Standard Book Number | 9589166901 |
| 040 ## - CATALOGING SOURCE | |
| Original cataloging agency | CO-JMCR |
| Transcribing agency | CO-JMCR |
| 041 0# - LANGUAGE CODE | |
| Language code of text/sound track or separate title | spa |
| 082 04 - DEWEY DECIMAL CLASSIFICATION NUMBER | |
| Classification number | 344.86101894 / |
| Item number | R763h |
| Edition number | 23 |
| 100 1# - MAIN ENTRY--PERSONAL NAME | |
| Personal name | Romero Tobón, Juan Fernando, |
| Relator term | autor |
| 9 (RLIN) | 26706 |
| 245 10 - TITLE STATEMENT | |
| Title | Huelga y servicio publico en Colombia : |
| Remainder of title | evolución legal y regulación constitucional en 1991 / |
| Statement of responsibility, etc. | Juan Fernando Romero Tobón |
| 250 ## - EDITION STATEMENT | |
| Edition statement | Primera edición |
| 260 ## - PUBLICATION, DISTRIBUTION, ETC. | |
| Place of publication, distribution, etc. | Bogotá : |
| Name of publisher, distributor, etc. | Rodriguez Quito, |
| Date of publication, distribution, etc. | 1992. |
| 300 ## - PHYSICAL DESCRIPTION | |
| Extent | xv, 192 páginas ; |
| Dimensions | 23 cm. |
| 504 ## - BIBLIOGRAPHY, ETC. NOTE | |
| Bibliography, etc. note | Bibliografía : páginas 168-177. |
| 505 ## - FORMATTED CONTENTS NOTE | |
| Formatted contents note | Erase una vez 1900-1930. -- De la miel a las cenizas 1930-1945. -- PO, La desintegración 1945-1957. -- La conciencia (1957-1984). -- Los actuales lineamientos (1984-1991). -- Algunos elementos para el análisis. |
| 650 14 - SUBJECT ADDED ENTRY--TOPICAL TERM | |
| Topical term or geographic name entry element | Huelgas y cierres patronales |
| 9 (RLIN) | 26708 |
| 650 24 - SUBJECT ADDED ENTRY--TOPICAL TERM | |
| Topical term or geographic name entry element | Ley y legislación |
| 9 (RLIN) | 8418 |
| 942 ## - ADDED ENTRY ELEMENTS (KOHA) | |
| Source of classification or shelving scheme | Dewey Decimal Classification |
| Koha item type | Books |
| Withdrawn status | Lost status | Source of classification or shelving scheme | Damaged status | Not for loan | Home library | Current library | Shelving location | Date acquired | Source of acquisition | Full call number | Barcode | Date last seen | Copy number | Price effective from | Koha item type |
|---|---|---|---|---|---|---|---|---|---|---|---|---|---|---|---|
| Dewey Decimal Classification | Biblioteca Pública José María del Castillo y Rada | Biblioteca Pública José María del Castillo y Rada | General Stacks | 04/15/2018 | Donación | 344.86101894 / R763h | 430003083 | 05/16/2024 | Ej.1 | 03/10/2021 | Books |